Il cacciatore di aquiloni

Gardado en:
Detalles Bibliográficos
Autor Principal: Hosseini Kaled
Formato: Libro
Idioma:lingua descoñecida ou non válida
Publicado: Casale Monferrato (AL) Piemme 2005
Tags: Engadir etiqueta
Sen Etiquetas, Sexa o primeiro en etiquetar este rexistro!

MARC

LEADER 00000nam a2200000Ia 4500
001 759
003 NUMERAZIONE-ORIGINALE-BRESCIA
005 20260206230754.0
008 260206s9999 xx 000 0 und d
100 |a Hosseini Kaled 
245 0 |a Il cacciatore di aquiloni 
260 |a Casale Monferrato (AL) 
260 |b Piemme 
260 |c 2005 
942 |2 ddc  |c BK  |n 0 
952 |0 0  |1 0  |2 ddc  |4 0  |6 32  |7 0  |9 28645  |a BS  |b BS  |d 2026-02-06  |i 759  |l 0  |o 3-2-*  |r 2026-02-06 22:40:39  |w 2026-02-06  |x [REVISIONARE]  |y BK 
999 |c 24303  |d 24303